| 000 | 00730nam a2200241Ia 4500 | ||
|---|---|---|---|
| 003 | OSt | ||
| 005 | 20260310120939.0 | ||
| 008 | 220923b |||||||| |||| 00| 0 eng d | ||
| 020 | _a041518956X | ||
| 037 | _cGeneral Book | ||
| 040 |
_aRTL _cRTL _beng |
||
| 041 |
_2eng _aeng |
||
| 084 |
_aY:4582.8.P, P2 _qRTL |
||
| 100 |
_aMason Gail _9289571 |
||
| 245 | 0 | _aSpectacle of violence: homophobia, gender and knowledge | |
| 260 |
_aLondon _bRoutledge _c2002 |
||
| 300 |
_avi, 170 p. _bIncludes bibliographical references and index |
||
| 490 | _aWriting Corporealities | ||
| 500 | _aBibliography: P 149-63 | ||
| 650 | _aViolence | ||
| 942 |
_hY:4582.8.P, P2 _cGB _2CC |
||
| 999 |
_c579450 _d579450 |
||